BIBLIOTECA PODER JUDICIAL
Portal Judicial TDF

Las sociedades a 10 años de la sanción del Código Civil y Comercial de la Nación / (Registro nro. 5688)

000 -LEADER
fixed length control field 01466nab a22002657a 4500
003 - CONTROL NUMBER IDENTIFIER
control field OSt
005 - DATE AND TIME OF LATEST TRANSACTION
control field 20251227001546.0
008 - FIXED-LENGTH DATA ELEMENTS--GENERAL INFORMATION
fixed length control field 190603e xxum|||| |||| 00| 0 spa d
040 ## - CATALOGING SOURCE
Transcribing agency PJ
100 ## - MAIN ENTRY--PERSONAL NAME
9 (RLIN) 1277
Personal name Vítolo, Daniel Roque
245 13 - TITLE STATEMENT
Title Las sociedades a 10 años de la sanción del Código Civil y Comercial de la Nación /
Statement of responsibility, etc Daniel Roque Vítolo.
260 ## - PUBLICATION, DISTRIBUTION, ETC. (IMPRINT)
Date of publication, distribution, etc Ciudad Autónoma de Buenos Aires :
Place of publication, distribution, etc Thomson Reuters La Ley,
Name of publisher, distributor, etc 2025.
300 ## - PHYSICAL DESCRIPTION
Extent p. 238-249
500 ## - GENERAL NOTE
General note Cita: TR LALEY AR/DOC/1766/2025 <br/>Publicado en: RCCyC 2025 (agosto).
505 ## - FORMATTED CONTENTS NOTE
Formatted contents note Sumario: I. A modo de introducción.— II. Algunos cambios sustanciales en el régimen regulatorio de las personas jurídicas privadas en el Cód. Civ. y Com.— III. Las reformas introducidas al texto de la ley 19.550 por la ley 26.994.— IV. El efecto de la reforma introducida por la ley 26.994 en el régimen societario.— V. La ley 27.444.— VI. A modo de conclusión.
505 ## - FORMATTED CONTENTS NOTE
Title ¿Te interesa el texto completo? Solicitalo al correo: koha@justierradelfuego.gov.ar
650 #0 - SUBJECT ADDED ENTRY--TOPICAL TERM
9 (RLIN) 1497
Topical term or geographic name as entry element CODIGO CIVIL Y COMERCIAL
650 #0 - SUBJECT ADDED ENTRY--TOPICAL TERM
9 (RLIN) 1602
Topical term or geographic name as entry element DERECHO COMERCIAL
650 #0 - SUBJECT ADDED ENTRY--TOPICAL TERM
9 (RLIN) 646
Topical term or geographic name as entry element SOCIEDADES COMERCIALES
650 #0 - SUBJECT ADDED ENTRY--TOPICAL TERM
9 (RLIN) 1625
Topical term or geographic name as entry element SOCIEDAD ANONIMA
650 #0 - SUBJECT ADDED ENTRY--TOPICAL TERM
9 (RLIN) 1653
Topical term or geographic name as entry element DERECHOS DEL SOCIO
650 #0 - SUBJECT ADDED ENTRY--TOPICAL TERM
9 (RLIN) 3474
Topical term or geographic name as entry element AUTONOMÍA DE LA VOLUNTAD
773 0# - HOST ITEM ENTRY
Host Biblionumber 2713
Host Itemnumber 3170
Place, publisher, and date of publication Ciudad Autónoma de Buenos Aires : Thomson Reuters La Ley, 2015-
Title Revista Código Civil y Comercial. Nº 4 - Agosto 2025
942 ## - ADDED ENTRY ELEMENTS (KOHA)
Source of classification or shelving scheme
Koha item type Analítica Artículo de Revista

No hay ítems disponibles.

12 de Octubre 789 Ushuaia - Tel:  54(02901)441571
Horario de Atención: 8.00 a 17.00 hs. 
bibliotecaush@justierradelfuego.gov.ar
koha@justierradelfuego.gov.ar
Seguinos en nuestras redes @bibliojustdf 

Con tecnología Koha